000
00299nam a2200109Ia 4500
008
231129s9999||||xx |||||||||||||| ||spa||
082
_a
ER- 484
100
_a
Instituto de Cultura de Pereira
245
0
_a
Pereira Cultural Nº 9
264
_a
Pereira: Gráficas Olímpica 1996
942
_2
ddc
_c
BKS
999
_c
22659
_d
22659